000 00778nam a2200241Ia 4500
001 13611
003 GE_BSU
008 181216s||||||||xx |||||||||||||| ||und||
040 _cGE_BSU
080 _a621.311.2(075.8)
100 _aНеклепаев,Б.Н.
245 _aЭлектрическая часть электростанций и подстанций.
245 _bУчеб. для вузов.
245 _cРед. И.П.Крючков.
250 _a2-е изд. переаб. и доп.
260 _aМ.
260 _bЭнергоатомиздат.
260 _c1986.
300 _a640 стр. с илл.
300 _eТабл.
653 _aЭлектрическая часть электростанций и подстанций.
942 _cBK
999 _c46767
_d46767